| 000 | 00738nam a2200229Ia 4500 | ||
|---|---|---|---|
| 003 | OSt | ||
| 005 | 20220905112112.0 | ||
| 008 | 210716s2010 xx 000 0 und d | ||
| 020 | _a9788125937128 | ||
| 040 | _cAIMIT LIBRARY | ||
| 041 | _aeng | ||
| 082 |
_a620.00151 _21 _bSARK |
||
| 100 |
_aSarma, Kandarpa Kumar. _956549 |
||
| 245 |
_aMatlab demystified: _bbasic concepts and applications / _cBy Kandarpa Kumar Sarma |
||
| 250 | _a1st ed. | ||
| 260 |
_aNew Delhi : _bVikas Publishing House Pvt.Ltd _c2010 |
||
| 300 |
_axvi,335p. ; _c24 cm. |
||
| 650 |
_aProgramming with matlab _956550 |
||
| 650 |
_aGraphics with matlab _956551 |
||
| 650 |
_aGraphical user interfaces with matlab _956552 |
||
| 942 |
_2ddc _cBK _e1st _k620.00151 SARK |
||
| 999 |
_c192835 _d192835 |
||